Napoleonic Countries and their Rulers - Statistics

General Stats
  • This quiz has been taken 29 times
  • The average score is 8 of 18
Answer Stats
Country Answer % Correct
France (1799-1814/15) Napoleon
96%
Italy (1805-1814) Napoleon
96%
Russia (1801-1825) Alexander I
76%
Austria (1804-1835) Franz I
72%
United Kingdom (1760-1820) George III
64%
Bonapartist Spain (1808-1813) Jose I
60%
USA (1809-1817) James Madison
48%
Sweden (1809-1818) Charles XIII
44%
Bourbon Spain (1808/1813-1833) Fernando VII
44%
Naples (1808-1815) Joachim
40%
Westphalia (1807-1813) Jerome
36%
Wurttemberg (1806-1816) Frederick I
32%
Denmark (1808-1839) Frederick VI
24%
Prussia (1797-1840) Frederick William III
24%
Bavaria (1806-1825) Maximilian I
24%
Holland (1806-1810) Louis I
20%
Saxony (1806-1827) Frederick Augustus I
12%
Warsaw (1807-1815) Frederick Augustus I
12%
No matching quizzes found
Score Distribution
Percent of People with Each Score
Percentile by Number Answered
Your Score History
You have not taken this quiz